| 000 | 004870000a22001570004500 | ||
|---|---|---|---|
| 003 | MACL | ||
| 005 | 20171123132526.0 | ||
| 008 | 171123b xxu||||| |||| 00| 0 eng d | ||
| 040 | _cMACL | ||
| 100 |
_aअग्रवाल, निकुंज _969498 |
||
| 245 | _aकहे गिरधार कविराय | ||
| 260 |
_bहिन्दी सेवा सदन _c2000 _aमथुरा |
||
| 350 | _a25 | ||
| 650 |
_aकविता _969499 |
||
| 942 |
_cHIN _k800/AGR/P _2ddc |
||
| 999 |
_c10407 _d10407 |
||